Logos with Birds - Statistics

General Stats
  • This quiz has been taken 47 times
  • The average score is 7 of 12
Answer Stats
Picture Hint Answer % Correct
Website (2023) Twitter
98%
Brand Dove
93%
Franchise Chick-Fil-A
85%
Brand Nestlé
76%
Website Duolingo
71%
Sports Team Toronto Blue Jays
59%
Brand Froot Loops
56%
Brand US Postal Service
46%
Sports Team Atlanta Hawks
39%
Brand Hollister
34%
Vehicle (Be Specific) Pontiac Firebird
29%
Airline Turkish Airlines
24%
No matching quizzes found
Score Distribution
Percent of People with Each Score
Percentile by Number Answered
Your Score History
You have not taken this quiz